Energetická bezpečnosť v kontexte energetickej únie pre Európu

Dve dimenzie energetickej bezpečnosti EÚ. Spotreba energie v členských štátoch EÚ (2010-2014). Závislosť EÚ v jednotlivých zdrojoch primárnej energie (2004-2014). Energetická bezpečnosť v kontexte energetickej únie pre Európu.

Salvato in:
Dettagli Bibliografici
Autore principale: Harakaľová, Ľubica, 1963-
Natura: Capitolo di libro
Lingua:slovacco
Soggetti:
Tags: Aggiungi Tag
Nessun Tag, puoi essere il primo ad aggiungerne!!

MARC

LEADER 00000nla a2200000 4500
001 0228943
005 20240502073754.2
041 0 |a slo 
044 |a SK 
245 1 0 |a Energetická bezpečnosť v kontexte energetickej únie pre Európu  |c Ľubica Harakaľová 
520 |a Dve dimenzie energetickej bezpečnosti EÚ. Spotreba energie v členských štátoch EÚ (2010-2014). Závislosť EÚ v jednotlivých zdrojoch primárnej energie (2004-2014). Energetická bezpečnosť v kontexte energetickej únie pre Európu. 
610 2 0 |a energetika 
610 2 0 |a bezpečnosť energetická 
610 2 0 |a zdroje energetické 
610 2 0 |a zdroje energie obnoviteľné 
610 2 0 |a Európska únia 
100 1 |a Harakaľová, Ľubica, 1963-